[Event "Warsaw op 04"]
[Site "Warsaw"]
[Date "2009.05.25"]
[Round "6"]
[White "Kadzinski, Wieslaw"]
[Black "Ponceleusz, Bronislaw"]
[Result "0-1"]
[WhiteElo "1986"]
[BlackElo "1945"]
[PlyCount "72"]
[EventDate "2009.04.07"]
[EventType "swiss"]
[EventRounds "11"]
[EventCountry "POL"]
[SourceTitle "EXT 2012"]
[Source "ChessBase"]
[SourceDate "2011.11.24"]
[SourceVersion "1"]
[SourceVersionDate "2011.11.24"]
[SourceQuality "1"]

1. e4 c5 2. d4 cxd4 3. Nf3 e6 4. Nxd4 Nc6 5. Nb5 d6 6. c4 Nf6 7. N1c3 a6 8. Na3 Be7 9. Be2 0-0 10. 0-0 b6 11. Be3 Qc7 12. Rc1 Ne5 13. f4 Ned7 14. Bd3 Bb7 15. Bb1 Nc5 16. e5 dxe5 17. fxe5 Qxe5 18. Bf4 Qh5 19. Qxh5 Nxh5 20. b4 Nxf4 21. Rxf4 Bg5 22. Rcf1 Bxf4 23. Rxf4 Nd7 24. Nc2 Rfd8 25. Ne3 Ne5 26. Na4 Rd6 27. c5 bxc5 28. bxc5 Rd2 29. Rb4 Bc6 30. Nc3 f5 31. Rb6 f4 32. Nc4 Rxg2+ 33. Kf1 Nxc4 34. Rxc6 Ne3+ 35. Ke1 f3 36. Ne4 Rf8 0-1

[Event "Warsaw op 04"]
[Site "Warsaw"]
[Date "2009.05.01"]
[Round "4"]
[White "Kuracki, Marek"]
[Black "Ponceleusz, Bronislaw"]
[Result "1/2-1/2"]
[WhiteElo "1897"]
[BlackElo "1945"]
[PlyCount "43"]
[EventDate "2009.04.07"]
[EventType "swiss"]
[EventRounds "11"]
[EventCountry "POL"]
[SourceTitle "EXT 2012"]
[Source "ChessBase"]
[SourceDate "2011.11.24"]
[SourceVersion "1"]
[SourceVersionDate "2011.11.24"]
[SourceQuality "1"]

1. Nf3 c6 2. b3 d5 3. Bb2 Bg4 4. d4 h6 5. g3 Nf6 6. Bg2 Nbd7 7. Nc3 e6 8. a4 Bb4 9. 0-0 0-0 10. Na2 Bd6 11. c4 Re8 12. c5 Bc7 13. b4 e5 14. dxe5 Nxe5 15. Bd4 Qe7 16. Nc3 Ne4 17. Ra2 a5 18. Qb3 axb4 19. Nxe4 dxe4 20. Nxe5 Bxe5 21. Bxe5 Qxe5 22. Qxb4 1/2-1/2

[Event "Warsaw op-A 01"]
[Site "Warsaw"]
[Date "2009.03.13"]
[Round "10"]
[White "Ponceleusz, Bronislaw"]
[Black "Kosny, Marek"]
[Result "1-0"]
[WhiteElo "1945"]
[BlackElo "2002"]
[PlyCount "117"]
[EventDate "2009.01.08"]
[EventType "swiss"]
[EventRounds "11"]
[EventCountry "POL"]
[SourceTitle "EXT 2012"]
[Source "ChessBase"]
[SourceDate "2011.11.24"]
[SourceVersion "1"]
[SourceVersionDate "2011.11.24"]
[SourceQuality "1"]

1. d4 Nf6 2. Nf3 d5 3. c4 e6 4. Bg5 Be7 5. e3 Nbd7 6. Nbd2 0-0 7. Bd3 c5 8. 0-0 cxd4 9. exd4 a6 10. c5 Nh5 11. Bxe7 Qxe7 12. g3 g6 13. Re1 Ndf6 14. Ne5 Bd7 15. a4 Rfd8 16. b4 Be8 17. f3 Nd7 18. f4 Nxe5 19. fxe5 f6 20. Qe2 f5 21. b5 axb5 22. axb5 f4 23. Qg4 fxg3 24. hxg3 Ng7 25. Qh4 Qxh4 26. gxh4 Nf5 27. Bxf5 gxf5 28. c6 bxc6 29. b6 Kf8 30. Nb3 Rab8 31. Nc5 Bd7 32. b7 Ke7 33. Ra7 Be8 34. Na6 Kd7 35. Nxb8+ Rxb8 36. Rb1 Bg6 37. Ra8 Kc7 38. Rxb8 Kxb8 39. Rb6 Be8 40. Kf2 Bf7 41. Ke3 Be8 42. Kf4 h6 43. Ke3 Bd7 44. Rb2 Be8 45. Kf4 Bh5 46. Rb6 Be8 47. Ke3 Bd7 48. Kd2 Be8 49. Kc3 f4 50. Kd2 Bf7 51. Ke1 Be8 52. Kf2 Bh5 53. Rxc6 Bg4 54. Rb6 Bf5 55. Kf3 Bh3 56. Kxf4 Bf5 57. Ke3 Bh3 58. Kd2 Bg4 59. Kc3 1-0

[Event "Warsaw op-A 01"]
[Site "Warsaw"]
[Date "2009.02.06"]
[Round "5"]
[White "Ponceleusz, Bronislaw"]
[Black "Borowicz, Przemyslaw"]
[Result "0-1"]
[WhiteElo "1945"]
[BlackElo "2009"]
[PlyCount "42"]
[EventDate "2009.01.08"]
[EventType "swiss"]
[EventRounds "11"]
[EventCountry "POL"]
[SourceTitle "EXT 2012"]
[Source "ChessBase"]
[SourceDate "2011.11.24"]
[SourceVersion "1"]
[SourceVersionDate "2011.11.24"]
[SourceQuality "1"]

1. c4 e6 2. Nc3 d5 3. d4 c6 4. e3 Nf6 5. Nf3 Nbd7 6. Qc2 Bd6 7. Bd3 Qe7 8. cxd5 exd5 9. 0-0 0-0 10. Bd2 Re8 11. Rae1 Ne4 12. Bc1 Ndf6 13. Nd2 Bxh2+ 14. Kh1 Bc7 15. Ndxe4 Nxe4 16. g3 Bh3 17. Bxe4 dxe4 18. Rg1 Qf6 19. Nxe4 Qf3+ 20. Kh2 Rxe4 21. Kxh3 g5 0-1

[Event "Warsaw op-A 01"]
[Site "Warsaw"]
[Date "2009.01.09"]
[Round "1"]
[White "Ponceleusz, Bronislaw"]
[Black "Szymczak, Rafal"]
[Result "0-1"]
[WhiteElo "1945"]
[BlackElo "2051"]
[PlyCount "82"]
[EventDate "2009.01.08"]
[EventType "swiss"]
[EventRounds "11"]
[EventCountry "POL"]
[SourceTitle "EXT 2012"]
[Source "ChessBase"]
[SourceDate "2011.11.24"]
[SourceVersion "1"]
[SourceVersionDate "2011.11.24"]
[SourceQuality "1"]

1. Nf3 f5 2. d4 Nf6 3. c3 g6 4. Bf4 Bg7 5. e3 d6 6. Bc4 e6 7. Qb3 Qe7 8. h3 a6 9. 0-0 Nc6 10. Nbd2 0-0 11. Qa3 Re8 12. b4 Bd7 13. Qb3 Kh8 14. Bh2 e5 15. dxe5 dxe5 16. e4 f4 17. Rfd1 Rf8 18. Qc2 h6 19. Nb3 b6 20. a4 a5 21. b5 Nd8 22. Rd2 Nb7 23. Rad1 Rad8 24. Nh4 Kh7 25. Kh1 Nd6 26. Bd3 g5 27. Nf3 g4 28. Nfd4 gxh3 29. gxh3 Bxh3 30. Nc6 Qe6 31. f3 Rde8 32. c4 Nh5 33. Rg1 Nf7 34. c5 Ng5 35. Bc4 Qf6 36. Be2 Be6 37. cxb6 cxb6 38. Rd6 Nf7 39. Rxe6 Qxe6 40. Rg4 Ng5 41. Bg1 Ng3+ 0-1

[Event "Warsaw City-ch"]
[Site "Warsaw"]
[Date "2008.10.01"]
[Round "5"]
[White "Lagowski, Patryk"]
[Black "Ponceleusz, Bronislaw"]
[Result "1-0"]
[WhiteElo "2344"]
[BlackElo "1951"]
[PlyCount "57"]
[EventDate "2008.09.27"]
[EventType "swiss"]
[EventRounds "9"]
[EventCountry "POL"]
[SourceTitle "EXT 2010"]
[Source "ChessBase"]
[SourceDate "2010.11.25"]
[SourceVersion "1"]
[SourceVersionDate "2010.11.25"]
[SourceQuality "1"]

1. d4 Nf6 2. c4 c6 3. Nf3 d5 4. e3 Bf5 5. cxd5 cxd5 6. Qb3 Qc8 7. Bd2 Nc6 8. Bb5 Bd7 9. 0-0 e6 10. Rc1 Bd6 11. Bxc6 Bxc6 12. Bb4 Qb8 13. Qa3 Ne4 14. Ne5 0-0 15. Bxd6 Nxd6 16. Nxc6 bxc6 17. Nd2 Rc8 18. Rc2 a5 19. Rac1 Ra6 20. Nf3 f6 21. Ne1 e5 22. dxe5 fxe5 23. Nd3 Nc4 24. Qe7 Re8 25. Qd7 e4 26. Nc5 Rb6 27. Ne6 Rb7 28. Qxc6 Nxb2 29. Rb1 1-0

[Event "Warsaw City-ch"]
[Site "Warsaw"]
[Date "2008.09.27"]
[Round "1"]
[White "Nurkiewicz, Maciej"]
[Black "Ponceleusz, Bronislaw"]
[Result "1-0"]
[WhiteElo "2379"]
[BlackElo "1951"]
[PlyCount "89"]
[EventDate "2008.09.27"]
[EventType "swiss"]
[EventRounds "9"]
[EventCountry "POL"]
[SourceTitle "EXT 2010"]
[Source "ChessBase"]
[SourceDate "2010.11.25"]
[SourceVersion "1"]
[SourceVersionDate "2010.11.25"]
[SourceQuality "1"]

1. e4 c5 2. Nf3 Nc6 3. d4 cxd4 4. Nxd4 Nf6 5. Nc3 d6 6. Bg5 Qb6 7. Nb3 e6 8. Bxf6 gxf6 9. Qd2 a6 10. 0-0-0 Qc7 11. Be2 b5 12. Bh5 Bb7 13. f4 0-0-0 14. a3 Kb8 15. Rhf1 Rg8 16. Kb1 f5 17. exf5 d5 18. Bf3 b4 19. axb4 Bxb4 20. Qd3 Qxf4 21. fxe6 fxe6 22. Qxh7 Rh8 23. Qg6 Rh6 24. Qg7 Bf8 25. Qg4 Qxg4 26. Bxg4 Ne5 27. Bh3 Nc4 28. Rfe1 e5 29. Nd2 Nxd2+ 30. Rxd2 Bg7 31. Ne4 d4 32. Nc5 Bd5 33. Nd7+ Rxd7 34. Bxd7 e4 35. Bf5 e3 36. Rd3 Bc4 37. Rdd1 Be5 38. c3 e2 39. Rxd4 Bxd4 40. cxd4 Rd6 41. Bg4 Rxd4 42. Bf3 Bb3 43. Bxe2 Re4 44. Kc1 Re6 45. Kd2 1-0

[Event "Warsaw Najdorf Memorial op-B"]
[Site "Warsaw"]
[Date "2008.08.08"]
[Round "7"]
[White "Prazmowski, Bartosz"]
[Black "Ponceleusz, Bronislaw"]
[Result "1/2-1/2"]
[WhiteElo "1784"]
[BlackElo "1991"]
[PlyCount "99"]
[EventDate "2008.08.02"]
[EventType "swiss"]
[EventRounds "9"]
[EventCountry "POL"]
[SourceTitle "CBM 126 Extra"]
[Source "ChessBase"]
[SourceDate "2008.11.05"]
[SourceVersion "1"]
[SourceVersionDate "2008.11.05"]
[SourceQuality "1"]

1. d4 d6 2. c4 e5 3. dxe5 dxe5 4. Qxd8+ Kxd8 5. Nc3 c6 6. f4 Be6 7. e4 exf4 8. Bxf4 Bb4 9. 0-0-0+ Nd7 10. Nge2 Ngf6 11. h3 Bxc4 12. Rd4 b5 13. Rd1 Bxe2 14. Bxe2 a5 15. e5 Bxc3 16. exf6 Bxf6 17. Bg4 Ra7 18. Rd3 Kc8 19. Rhd1 Rd8 20. Be3 Rb7 21. Rd6 h5 22. Rxc6+ Rc7 23. Rxc7+ Kxc7 24. Bxh5 Ne5 25. Rxd8 Bxd8 26. Be2 Kc6 27. g4 g5 28. Kc2 b4 29. Kb3 Nd7 30. Bf3+ Kb5 31. Be2+ Kc6 32. Bc4 f6 33. Kc2 Bb6 34. Bd2 Ne5 35. Bf1 Bd4 36. a3 Kc5 37. axb4+ axb4 38. Kb3 Nc6 39. Bg2 Na5+ 40. Ka4 Nc6 41. Bxc6 Kxc6 42. Kb3 Kb5 43. Kc2 Ka4 44. b3+ Ka3 45. Kd3 Bc5 46. Kc4 Bf8 47. Be3 Bd6 48. Bf2 Be5 49. Bc5 Bc3 50. Be7 1/2-1/2